000 00840nam a2200265Ia 4500
003 OSt
005 20220918170855.0
006 a|||||r|||| 00| 0
007 ta
008 220917b |||||||| |||| 00| 0 eng d
020 _a9780754640806 (hbk)
_c4809.35
024 _a246,744
037 _b1661, 22/03/2011, Channel Publications
_cTextual
040 _aARTS
_cARTS
_beng
041 _2eng
_aeng
082 _aQ.1, P9.1
100 _aShepherd John J. Ed.
_931883
245 0 _aNinian smart on world religions
260 _aSurrey
_bAshgate England
_c2009
300 _alxxv,344p.
_ccm.
490 _vVol.1
_aAshgate contemporary thinkers on religion: Collected works
650 _aRELIGION
942 _hQ.1, P9.1
_cTEXL
_2CC
999 _c136381
_d136381